[Event "Russia Cup Final Women 2012"]
[Site "Khanty-Mansiisk RUS"]
[Date "2012.12.07"]
[Round "2.3"]
[White "Goryachkina,A"]
[Black "Kovanova,B"]
[Result "1-0"]
[WhiteTitle "WGM"]
[BlackTitle "WGM"]
[WhiteElo "2397"]
[BlackElo "2378"]
[WhiteFideId "4147103"]
[BlackFideId "4164083"]
[EventDate "2012.12.04"]

1. d4 Nf6 2. c4 e6 3. Nf3 b6 4. g3 Bb7 5. Bg2 Be7 6. Nc3 Ne4 7. Bd2 Bf6 8. O-O
O-O 9. Rc1 Nxd2 10. Qxd2 d6 11. d5 a5 12. Rfd1 e5 13. Qc2 Nd7 14. a3 g6 15. b4
Bg7 16. e4 Bh6 17. Ra1 f5 18. exf5 gxf5 19. Bh3 f4 20. Be6+ Kh8 21. g4 Bc8 22.
Kf1 Re8 23. Ne4 Nf6 24. Bxc8 Rxc8 25. h3 Nxe4 26. Qxe4 Qf6 27. Ke2 Qg6 28. Kd3
c6 29. Nd2 cxd5 30. cxd5 Qf6 31. Nf3 Qf7 32. Rac1 Qd7 33. Ke2 Qa4 34. Qf5 Qb5+
35. Ke1 Rxc1 36. Rxc1 e4 37. Ng5 Bxg5 38. Rc7 Be7 39. Rxe7 1-0

[Event "Russia Cup Final Women 2012"]
[Site "Khanty-Mansiisk RUS"]
[Date "2012.12.07"]
[Round "2.4"]
[White "Girya,O"]
[Black "Charochkina,D"]
[Result "1-0"]
[WhiteTitle "WGM"]
[BlackTitle "WGM"]
[WhiteElo "2467"]
[BlackElo "2317"]
[WhiteFideId "4195752"]
[BlackFideId "4180917"]
[EventDate "2012.12.04"]

1. d4 Nf6 2. Nf3 e6 3. Bg5 h6 4. Bh4 g5 5. Bg3 Bg7 6. Nbd2 O-O 7. e3 d6 8. h4 g4
9. Nh2 e5 10. dxe5 Nh5 11. Nxg4 Nxg3 12. fxg3 dxe5 13. Bc4 Qd7 14. Nf2 b5 15.
Be2 f5 16. e4 f4 17. g4 Nc6 18. Bxb5 Rb8 19. Qe2 Rb6 20. c3 Qe7 21. Nf3 Bd7 22.
Bc4+ Kh8 23. O-O Na5 24. Bd3 Bf6 25. b4 Nb7 26. h5 Rg8 27. a4 a5 28. bxa5 Nxa5
29. Rab1 Qc5 30. Rxb6 cxb6 31. Kh1 Qxc3 32. Rb1 Qc5 33. Qc2 Qd6 34. Qb2 Rb8 35.
Qb4 Qc7 36. Bb5 Be6 37. Qb2 Rg8 38. Be2 Rb8 39. Rc1 Qd6 40. Rd1 Qc7 41. Rc1 Qg7
42. Qb5 Bd7 43. Qb4 Be7 44. Qb2 Bd6 45. Nh4 Be8 46. Nf5 Qf6 47. Nd3 Nc6 48. Nxf4
Nd4 49. Nd5 Qg5 50. Nxd6 Nxe2 51. Qxe2 Qxc1+ 52. Kh2 Qg5 53. Qf2 Kg7 54. Nf5+
Kh7 55. Nfe3 Bxa4 56. Qf7+ Qg7 57. Qe6 Rf8 58. Nf5 Qg5 59. Qxe5 Bd7 60. Qc7 Rf7
61. Qxb6 Bxf5 62. exf5 Kh8 63. Qg6 Qh4+ 64. Kg1 Qe1+ 65. Kh2 Qe5+ 66. Kh3 Qxd5
67. Qxh6+ Kg8 68. Qg6+ Rg7 69. Qe8+ Kh7 70. f6 Rf7 71. g5 Qd7+ 72. Qxd7 Rxd7 73.
g6+ Kh6 74. f7 Kg7 75. h6+ 1-0

[Event "Russia Cup Final Women 2012"]
[Site "Khanty-Mansiisk RUS"]
[Date "2012.12.08"]
[Round "3.1"]
[White "Girya,O"]
[Black "Goryachkina,A"]
[Result "1/2-1/2"]
[WhiteTitle "WGM"]
[BlackTitle "WGM"]
[WhiteElo "2467"]
[BlackElo "2397"]
[WhiteFideId "4195752"]
[BlackFideId "4147103"]
[EventDate "2012.12.04"]

1. d4 Nf6 2. c4 e6 3. Nf3 d5 4. Nc3 Bb4 5. Bg5 h6 6. Bxf6 Qxf6 7. Qa4+ Nc6 8. e3
O-O 9. Be2 dxc4 10. O-O a6 11. Bxc4 Bxc3 12. bxc3 Bd7 13. Bd3 Rfe8 14. Rab1 b5
15. Qc2 Qe7 16. Bh7+ Kh8 17. Be4 Rab8 18. Qe2 Na5 19. Ne5 Kg8 20. f4 c5 21. dxc5
Rbc8 22. Rbd1 Bc6 23. Nxc6 Nxc6 24. Rd6 Nb8 25. Qh5 Nd7 26. Bc6 Nf6 27. Qf3 Rf8
28. e4 Ne8 29. Bxe8 Rfxe8 30. Qf2 Qc7 31. Rxa6 Qxc5 32. Qxc5 Rxc5 33. Rf3 Rec8
34. Ra3 Rd8 35. Rb3 Rd1+ 36. Rf1 Rd2 37. Rf2 Rd1+ 38. Rf1 Rd2 39. Rf2 Rd1+ 40.
Rf1 1/2-1/2

[Event "Russia Cup Final Women 2012"]
[Site "Khanty-Mansiisk RUS"]
[Date "2012.12.09"]
[Round "3.2"]
[White "Goryachkina,A"]
[Black "Girya,O"]
[Result "1-0"]
[WhiteTitle "WGM"]
[BlackTitle "WGM"]
[WhiteElo "2397"]
[BlackElo "2467"]
[WhiteFideId "4147103"]
[BlackFideId "4195752"]
[EventDate "2012.12.04"]

1. d4 Nf6 2. c4 g6 3. Nc3 Bg7 4. e4 d6 5. f3 O-O 6. Nge2 c5 7. d5 e6 8. Ng3 exd5
9. cxd5 a6 10. a4 h5 11. Bg5 Qc7 12. Qd2 Nbd7 13. Be2 Re8 14. O-O Nh7 15. Be3 h4
16. Nh1 f5 17. Nf2 Ndf6 18. Bd3 Qf7 19. Rae1 Bd7 20. a5 Nh5 21. exf5 gxf5 22.
Nh3 Rxe3 23. Rxe3 Bd4 24. Kh1 Bxe3 25. Qxe3 Qf6 26. f4 Re8 27. Qf2 Qd4 28. Qxd4
cxd4 29. Ne2 Re3 30. Rf3 N7f6 31. Nxd4 Nxd5 32. Rxe3 Nxe3 33. Kg1 Kf7 34. Nf3
Kf6 35. Nxh4 Nd5 36. g3 Nb4 37. Be2 Ng7 38. Ng5 Nc6 39. Kf2 Nxa5 40. Ke3 Ne6 41.
Nhf3 Nc6 42. Nxe6 Bxe6 43. Nd4 Nd8 44. Nxe6 Kxe6 45. h3 Nc6 46. g4 fxg4 47. hxg4
d5 48. g5 Kf5 49. Bd3+ Kg4 50. g6 Ne7 51. g7 Kh5 52. Bh7 1-0

[Event "XXVI Belgrade Trophy 2012"]
[Site "Belgrade SRB"]
[Date "2012.12.02"]
[Round "9.34"]
[White "Mikicic,Du"]
[Black "Novak,Jir1"]
[Result "1/2-1/2"]
[WhiteTitle "FM"]
[BlackTitle "CM"]
[WhiteElo "2157"]
[BlackElo "2011"]
[WhiteFideId "913278"]
[BlackFideId "312088"]
[EventDate "2012.11.24"]

1. e4 e6 2. d4 Nf6 3. f3 g6 4. c4 c6 5. Nc3 Bg7 6. Be3 O-O 7. Qd2 e5 8. O-O-O
Qe7 9. Nge2 d6 10. d5 cxd5 11. Nxd5 Nxd5 12. cxd5 Bd7 13. Nc3 Rc8 14. Kb1 a6 15.
Bb6 Be8 16. Bd3 Nd7 17. Qf2 Bh6 18. g3 Nxb6 19. Qxb6 1/2-1/2

[Event "XXVI Belgrade Trophy 2012"]
[Site "Belgrade SRB"]
[Date "2012.12.02"]
[Round "9.37"]
[White "Jandric,D"]
[Black "Mihajlovic,Mil"]
[Result "1/2-1/2"]
[WhiteTitle "CM"]
[WhiteElo "2068"]
[BlackElo "1924"]
[WhiteFideId "921475"]
[BlackFideId "937045"]
[EventDate "2012.11.24"]

1. e4 e5 2. Bc4 Nf6 3. d3 c6 4. Nf3 d6 5. O-O Be7 6. Re1 O-O 7. Bb3 a5 8. c3 Qc7
9. Nbd2 Nbd7 10. Nf1 d5 11. Ng3 Re8 12. a4 Bc5 13. h3 h6 14. Bc2 Qb6 15. Qe2
dxe4 16. dxe4 Nf8 17. Nd2 Be6 18. Rf1 Ng6 19. Nc4 Qc7 20. b3 Rad8 21. Qf3 Bxc4
22. bxc4 Qe7 23. Nf5 Qe6 24. Rb1 Rd7 25. Re1 Kh7 26. g3 Ng8 27. Qe2 N6e7 28.
Nxe7 Rexe7 29. Kg2 Nf6 30. Bd3 Rd8 31. Qc2 Ng8 32. Be2 Qf6 33. Bg4 g6 34. h4 Qg7
35. Be3 Bxe3 36. Rxe3 Nf6 37. Bh3 Qf8 38. Rd3 Rc7 39. Rbd1 Rxd3 40. Qxd3 Kg7 41.
f3 Qc5 42. Qd6 Qxd6 43. Rxd6 Re7 44. Rd8 Ne8 45. Ra8 Nd6 46. c5 Nc4 47. Kf2 Kf6
48. Ra7 g5 49. hxg5+ hxg5 50. Ra8 Nd2 51. Rxa5 Nb3 52. Ra8 Nxc5 53. Ke3 Rc7 54.
a5 Ke7 55. Kd2 Kd6 56. Kc2 f6 1/2-1/2

[Event "XXVI Belgrade Trophy 2012"]
[Site "Belgrade SRB"]
[Date "2012.12.02"]
[Round "9.40"]
[White "Babin,A"]
[Black "Jokic,Mio"]
[Result "0-1"]
[WhiteElo "1961"]
[BlackElo "2119"]
[WhiteFideId "906751"]
[BlackFideId "922366"]
[EventDate "2012.11.24"]

1. e4 d6 2. d4 Nf6 3. Bd3 g6 4. Ne2 Bg7 5. O-O O-O 6. Be3 e5 7. c3 Nc6 8. a3 Ng4
9. Qd2 Qh4 10. h3 Nxe3 11. Qxe3 Bh6 12. Qg3 Qxg3 13. fxg3 exd4 14. Nf4 dxc3 15.
Nxc3 Ne5 16. Be2 c6 17. Rad1 Rd8 18. Rd4 Bg5 19. Rfd1 Be7 20. Nd3 Be6 21. Nf4
Bb3 22. Re1 b5 23. Bf3 a5 24. h4 Bf6 25. Rd2 Rac8 26. Bd1 Nc4 27. Rde2 a4 28.
Kh2 Nxb2 0-1

[Event "XXVI Belgrade Trophy 2012"]
[Site "Belgrade SRB"]
[Date "2012.12.02"]
[Round "9.41"]
[White "Ugrenovic,Aleksandar"]
[Black "Nikolic,Br"]
[Result "1-0"]
[WhiteElo "1950"]
[BlackElo "2090"]
[WhiteFideId "949078"]
[BlackFideId "930741"]
[EventDate "2012.11.24"]

1. Nf3 d5 2. b3 Nf6 3. Bb2 Bf5 4. g3 e6 5. Bg2 Bd6 6. O-O Nbd7 7. d3 h6 8. Nc3
O-O 9. Nh4 Bh7 10. Qe1 c6 11. e4 Re8 12. a3 a5 13. Kh1 d4 14. Ne2 g5 15. Nf3 e5
16. Nd2 Bc7 17. f4 Ng4 18. Rf3 Ne3 19. Rc1 Bg6 20. h3 gxf4 21. gxf4 Kh7 22. f5
Bh5 23. Rg3 Rg8 24. Bf3 Nf6 25. Qf2 Qe7 26. Nf1 Bb6 27. Nxe3 dxe3 28. Qf1 Bc5
29. Ra1 a4 30. b4 Bb6 31. Kh2 c5 32. b5 c4 33. Qh1 cxd3 34. cxd3 Rxg3 35. Nxg3
Bxf3 36. Qxf3 Bd4 37. Bxd4 exd4 38. Qf4 Rc8 39. Ra2 Nd7 40. Rg2 Qe5 41. Qf3 Nf6
42. Kh1 Qxb5 43. Qf4 Rc1+ 44. Kh2 Qxd3 45. Nh5 Rh1+ 46. Kxh1 Qd1+ 47. Kh2 Nxh5
48. Qb8 1-0

[Event "XXVI Belgrade Trophy 2012"]
[Site "Belgrade SRB"]
[Date "2012.12.02"]
[Round "9.42"]
[White "Pastar,S"]
[Black "Sablic,B"]
[Result "1/2-1/2"]
[WhiteElo "2087"]
[BlackElo "1938"]
[WhiteFideId "14402718"]
[BlackFideId "907669"]
[EventDate "2012.11.24"]

1. c4 Nf6 2. d4 e6 3. Nc3 d5 4. Bg5 Be7 5. Nf3 c6 6. e3 Nbd7 7. Bd3 dxc4 8. Bxc4
Qa5 9. O-O h6 10. Bh4 Qh5 11. Bg3 O-O 12. e4 b5 13. Be2 Qg6 14. Bd3 Qh5 15. Ne2
b4 16. Qa4 Nb6 17. Qxc6 Bd7 18. Qc2 Qa5 19. Qd2 Bb5 20. Bh4 Nc4 21. Bxc4 Bxc4
22. e5 Nd5 23. Bxe7 Nxe7 24. Rfc1 Bd5 25. Ne1 Qb6 26. Nd3 a5 27. Nc5 Rfc8 28.
Nf4 Rd8 29. h3 Rac8 30. Nxd5 Rxd5 31. Qf4 Rcd8 32. Rc4 Nc6 33. Nb3 a4 34. Rac1
axb3 35. Rxc6 Qxd4 36. Qxd4 Rxd4 37. axb3 Rd3 38. Rd6 R8xd6 39. exd6 Rxd6 40.
Rc4 Rd1+ 41. Kh2 Rd2 42. f3 Rxb2 43. Rxb4 g6 44. Rb8+ Kg7 45. b4 h5 46. h4 Kf6
47. b5 Kf5 48. Kg3 f6 49. b6 e5 50. Kh3 Kf4 51. Rg8 Rb1 52. Kh2 Kf5 53. Rb8 Rb4
54. g3 Rb2+ 55. Kh3 e4 56. fxe4+ Kxe4 57. Re8+ Kf5 58. Rb8 Rb3 59. Rb7 Rb2 1/2-1/2

[Event "XXVI Belgrade Trophy 2012"]
[Site "Belgrade SRB"]
[Date "2012.12.02"]
[Round "9.43"]
[White "Katic,G"]
[Black "Popovic,Mila2"]
[Result "0-1"]
[WhiteElo "1932"]
[BlackElo "2077"]
[WhiteFideId "919942"]
[BlackFideId "944980"]
[EventDate "2012.11.24"]

1. e4 Nf6 2. e5 Nd5 3. Nc3 e6 4. Nxd5 exd5 5. d4 d6 6. Nf3 Bg4 7. Be2 Nd7 8. O-O
Be7 9. exd6 Bxd6 10. Ng5 Bf5 11. Bd3 Qf6 12. Re1+ Kf8 13. Qf3 Bxd3 14. Qxd3 g6
15. Qh3 h6 16. Nf3 Nb6 17. Ne5 h5 18. a4 a5 19. Bd2 g5 20. f4 g4 21. Qd3 Kg7 22.
b3 Rhe8 23. Rf1 Nc8 24. Rfe1 Ne7 25. f5 c5 26. c3 cxd4 27. cxd4 Nc6 28. Nxc6
bxc6 29. Qc3 Rec8 30. Qe3 c5 31. Bc3 c4 32. bxc4 Rxc4 33. Rab1 Rac8 34. Rb3 R4c7
35. Rb5 Rxc3 0-1

[Event "XXVI Belgrade Trophy 2012"]
[Site "Belgrade SRB"]
[Date "2012.12.02"]
[Round "9.44"]
[White "Stefanovic,M"]
[Black "Zdravkovic,DS"]
[Result "1-0"]
[WhiteElo "2069"]
[BlackElo "1917"]
[WhiteFideId "922595"]
[BlackFideId "912867"]
[EventDate "2012.11.24"]

1. d4 Nf6 2. Nf3 c5 3. c3 cxd4 4. cxd4 d5 5. Nc3 Nc6 6. Bf4 a6 7. e3 Bf5 8. a3
e6 9. Bd3 Ne4 10. Bxe4 Bxe4 11. Nxe4 dxe4 12. Nd2 Qd5 13. Qc2 f5 14. O-O Be7 15.
Nc4 Qd8 16. Qb3 b5 17. Nd6+ Bxd6 18. Qxe6+ Qe7 19. Qxd6 Qxd6 20. Bxd6 Kd7 21.
Bf4 Na5 22. Rac1 Rhc8 23. Rc5 Rxc5 24. dxc5 Kc6 25. Bd6 g6 26. Rd1 Nb7 27. Be5
a5 28. b4 axb4 29. axb4 Ra4 30. Rb1 Nd8 31. Bf6 Nb7 32. Kf1 Kd5 33. f3 Ra3 34.
fxe4+ Kxe4 35. Bg5 Kd5 36. Ke2 Rc3 37. Rd1+ Kc6 38. Rd4 Rc4 39. Kf3 Rxd4 40.
exd4 Kd5 41. Ke3 h6 42. Be7 g5 43. h4 f4+ 44. Kf3 Ke6 45. c6 Nd6 46. Bxd6 Kxd6
47. d5 Kxd5 48. c7 Kc4 49. c8=Q+ Kxb4 50. hxg5 hxg5 51. Qc2 Ka3 52. Kg4 b4 53.
Kxg5 b3 54. Qb1 Kb4 55. Qb2 1-0

[Event "XXVI Belgrade Trophy 2012"]
[Site "Belgrade SRB"]
[Date "2012.12.02"]
[Round "9.45"]
[White "Marjanovic,Dragan"]
[Black "Delibasic,G"]
[Result "0-1"]
[BlackTitle "FM"]
[WhiteElo "1902"]
[BlackElo "2063"]
[WhiteFideId "941433"]
[BlackFideId "912131"]
[EventDate "2012.11.24"]

1. d4 Nf6 2. Bf4 d6 3. Nc3 Nbd7 4. e4 e5 5. Be3 Be7 6. h3 O-O 7. Nf3 c6 8. Bd3
Qc7 9. O-O a6 10. a3 b5 11. Re1 Bb7 12. g4 Rfd8 13. Qc1 g6 14. Bg5 exd4 15. Nxd4
Ne5 16. Qf4 Ne8 17. Bxe7 Qxe7 18. Nf3 f6 19. Rad1 Ng7 20. Bf1 a5 21. b3 b4 22.
axb4 axb4 23. Na4 Ne6 24. Qg3 Kg7 25. Bg2 Ra5 26. h4 Kh8 27. Nxe5 fxe5 28. Rd2
Nf4 29. Bf1 Rf8 30. Nb2 Rc5 31. Na4 Ra5 32. Nb2 d5 33. exd5 cxd5 34. Nd3 Nxd3
35. Bxd3 e4 36. Rde2 Qf6 37. g5 Qf4 38. Re3 Qxg3+ 39. Rxg3 exd3 40. Rxd3 Rf7 41.
Rd4 Kg7 42. Kg2 Rc5 43. Re2 0-1

[Event "XXVI Belgrade Trophy 2012"]
[Site "Belgrade SRB"]
[Date "2012.12.02"]
[Round "9.46"]
[White "Karisik,N"]
[Black "Ratkovic,Petar"]
[Result "1-0"]
[WhiteElo "2062"]
[BlackElo "1578"]
[WhiteFideId "943819"]
[BlackFideId "914533"]
[EventDate "2012.11.24"]

1. e4 c6 2. d4 d5 3. exd5 cxd5 4. c4 Nf6 5. Nc3 e6 6. Nf3 Nc6 7. Be2 Be7 8. O-O
O-O 9. Ne5 dxc4 10. Nxc6 bxc6 11. Bxc4 Bb7 12. Bg5 Nd5 13. Bxe7 Qxe7 14. Bxd5
cxd5 15. Na4 Ba6 16. Re1 Bb5 17. Nc5 Rac8 18. a4 Bd7 19. b4 Rb8 20. b5 Qd6 21.
Qd2 Rfe8 22. Rac1 f6 23. Qa5 e5 24. Nxd7 Qxd7 25. Rc7 Qg4 26. dxe5 fxe5 27. h3
Qg5 28. Qxa7 Ra8 29. Qc5 Rxa4 30. Qxd5+ Kh8 31. Qxe5 Qxe5 32. Rxe5 Ra1+ 33. Kh2
Raa8 34. Rxe8+ Rxe8 35. b6 Rb8 36. b7 h5 37. Rc8+ Rxc8 38. bxc8=Q+ 1-0

[Event "XXVI Belgrade Trophy 2012"]
[Site "Belgrade SRB"]
[Date "2012.12.02"]
[Round "9.47"]
[White "Aleksic,C"]
[Black "Janjic,Ju"]
[Result "0-1"]
[WhiteElo "1750"]
[BlackElo "2052"]
[WhiteFideId "944114"]
[BlackFideId "931675"]
[EventDate "2012.11.24"]

1. e4 c5 2. Nf3 Nc6 3. d4 cxd4 4. Nxd4 g6 5. Nxc6 bxc6 6. Qd4 Nf6 7. e5 Ng8 8.
e6 Nf6 9. exf7+ Kxf7 10. Bc4+ d5 11. Bd3 Bg7 12. Qh4 Qd7 13. h3 Qe6+ 14. Be3 d4
15. Qxd4 Nd5 16. Qc5 Bxb2 17. O-O Bxa1 18. c3 Nxe3 19. fxe3+ Ke8 20. Bc4 Qd6 21.
Bf7+ Kd7 22. Qa5 e5 23. Na3 Bxc3 24. Qxc3 Ba6 25. Nc4 Bxc4 26. Bxc4 Rhf8 27. Rc1
Rab8 28. Bb3 Kc7 29. Rd1 Qe7 30. Bd5 Rb6 31. Qa5 Kb7 32. Bc4 Rd8 33. Rf1 Rd7 34.
Rf7 Qd6 35. Rxd7+ Qxd7 36. Qxe5 Rb1+ 37. Kf2 Qd2+ 38. Kf3 Rb2 39. Qg3 Qd1+ 0-1

[Event "XXVI Belgrade Trophy 2012"]
[Site "Belgrade SRB"]
[Date "2012.12.02"]
[Round "9.49"]
[White "Subotic,N"]
[Black "Rodic,Dr"]
[Result "1/2-1/2"]
[BlackTitle "FM"]
[WhiteElo "1803"]
[BlackElo "2088"]
[WhiteFideId "919977"]
[BlackFideId "916595"]
[EventDate "2012.11.24"]

1. e4 c5 2. Nc3 a6 3. g3 Nc6 4. Bg2 g6 5. b3 Bg7 6. Bb2 d6 7. Rb1 e6 8. Nge2 h5
9. h4 Nh6 10. f3 O-O 11. O-O d5 12. Nf4 d4 13. Nce2 Ne7 14. d3 e5 15. Nh3 f6 16.
Bc1 Be6 17. Bd2 Qd7 18. Kh2 b5 19. a3 a5 20. Qc1 Nf7 21. Qe1 a4 22. b4 c4 23.
Neg1 Rac8 24. Qe2 cxd3 25. cxd3 Rc2 26. Rfc1 Rfc8 27. Qe1 Bh6 28. f4 Bg7 29. Nf3
Nh6 30. Nf2 Ng4+ 31. Nxg4 Bxg4 32. fxe5 fxe5 33. Ng5 Bf6 34. Rxc2 Rxc2 35. Rc1
Qc8 36. Nf3 Bxf3 37. Bxf3 Qc3 38. Rxc2 Qxc2 39. Be2 Qa2 40. Bc1 Kg7 41. Qd2 Qe6
42. Kg2 Kf7 43. Bd1 Bg7 44. Qc2 Qc6 45. Bd2 Qxc2 46. Bxc2 Ng8 47. Bd1 Bh6 48.
Bxh6 Nxh6 49. Kh3 Ng8 50. Kg2 Nf6 51. Kf2 Kg7 52. Kg2 Kh6 53. Kh3 Ne8 54. g4
hxg4+ 55. Bxg4 Nd6 56. Kg3 Kg7 57. Bd7 Kf6 1/2-1/2

[Event "XXVI Belgrade Trophy 2012"]
[Site "Belgrade SRB"]
[Date "2012.12.02"]
[Round "9.50"]
[White "Nenezic,Z"]
[Black "Sarovski,N"]
[Result "1/2-1/2"]
[WhiteElo "1879"]
[BlackElo "1970"]
[WhiteFideId "941638"]
[BlackFideId "934780"]
[EventDate "2012.11.24"]

1. c4 d6 2. Nc3 e5 3. Nf3 c5 4. e3 Bg4 5. Be2 f5 6. Ng1 Nf6 7. h3 Bxe2 8. Ngxe2
g6 9. O-O Bh6 10. f4 O-O 11. Qe1 Nc6 12. Qh4 Bg7 13. g4 fxg4 14. hxg4 h5 15. g5
Ng4 16. f5 Nb4 17. f6 Bh8 18. Ng3 Qe8 19. Nd5 Nxd5 20. cxd5 Qf7 21. e4 c4 22. b3
Rac8 23. Ba3 Rfd8 24. bxc4 Rxc4 25. Rac1 b5 26. Rxc4 bxc4 27. Re1 a5 28. Ne2
Qa7+ 29. Kg2 Qb6 30. Rf1 Kf7 31. Qg3 Rc8 32. Qc3 Rc7 33. Qf3 c3 34. Nxc3 Qd4 35.
Rd1 Rxc3 36. dxc3 Qxd1 37. Qxd1 Ne3+ 38. Kf3 Nxd1 39. c4 Bxf6 40. gxf6 g5 41.
Bxd6 g4+ 42. Kg3 Kxf6 43. Bc7 Nc3 44. Bd8+ Kg6 45. Bxa5 Nxe4+ 46. Kg2 h4 47. Bb6
h3+ 48. Kh2 Nd2 49. Bf2 Nxc4 50. Kg3 Nd2 51. Bg1 Kf5 52. a4 Ne4+ 53. Kh4 Nc3 54.
d6 Ke6 55. d7 Kxd7 56. Kxg4 Ke6 57. a5 1/2-1/2

[Event "Pavlodar Open 2012"]
[Site "Pavlodar KAZ"]
[Date "2012.11.30"]
[Round "1"]
[White "Andriasian,Z"]
[Black "Karmenov,B"]
[Result "1-0"]
[WhiteTitle "GM"]
[WhiteElo "2604"]
[BlackElo "2133"]
[WhiteFideId "13302000"]
[BlackFideId "4194063"]
[EventDate "2012.11.30"]

1. e4 c5 2. Nf3 d6 3. d4 cxd4 4. Nxd4 Nf6 5. Nc3 a6 6. Be3 e6 7. a4 b6 8. Bd3
Be7 9. f4 Bb7 10. O-O Nbd7 11. Qf3 Nc5 12. Rae1 Rc8 13. g4 d5 14. e5 Nfd7 15.
Bd2 Nxd3 16. cxd3 Bc5 17. Ne2 Qe7 18. Qg3 O-O 19. f5 exf5 20. b4 f4 21. Qxf4
Nxe5 22. bxc5 Nxd3 23. Qd6 Qxd6 24. cxd6 Nxe1 25. Rxe1 g6 26. Rb1 b5 27. axb5
axb5 28. Ba5 Bc6 29. Nf4 Kg7 30. Bc3 1-0

[Event "Pavlodar Open 2012"]
[Site "Pavlodar KAZ"]
[Date "2012.11.30"]
[Round "1"]
[White "Jumabayev,R"]
[Black "Nasybullina,Alfia"]
[Result "1-0"]
[WhiteTitle "GM"]
[WhiteElo "2545"]
[BlackElo "2073"]
[WhiteFideId "13702661"]
[BlackFideId "4132416"]
[EventDate "2012.11.30"]

1. d4 Nf6 2. c4 e6 3. Nf3 d5 4. g3 dxc4 5. Bg2 Nc6 6. Qa4 Bb4+ 7. Bd2 Nd5 8.
Bxb4 Nxb4 9. Nc3 Bd7 10. O-O a6 11. Ne5 b5 12. Qa3 Rb8 13. Nxc6 Nxc6 14. d5 b4
15. Qxa6 Rb6 16. Qxc4 Na5 17. Qd4 O-O 18. Nd1 exd5 19. Qxd5 Bb5 20. Ne3 Nc6 21.
Qxd8 Rxd8 22. Nd5 Rbb8 23. Rfc1 Nd4 24. Rxc7 Bxe2 25. Nf4 Ba6 26. h4 g6 27. Re1
Rbc8 28. Rxc8 Bxc8 29. Nd5 b3 30. axb3 Be6 31. Rd1 1-0

[Event "Pavlodar Open 2012"]
[Site "Pavlodar KAZ"]
[Date "2012.12.01"]
[Round "2"]
[White "Aleksandrov,A"]
[Black "Demianjuk,A"]
[Result "1/2-1/2"]
[WhiteTitle "GM"]
[WhiteElo "2607"]
[BlackElo "2342"]
[WhiteFideId "13500139"]
[BlackFideId "4134249"]
[EventDate "2012.11.30"]

1. d4 Nf6 2. c4 e6 3. Nc3 Bb4 4. e3 O-O 5. Ne2 d5 6. a3 Be7 7. cxd5 exd5 8. g3
a5 9. Bg2 c6 10. O-O Na6 11. Bd2 Re8 12. f3 c5 13. Be1 Bd7 14. Bf2 c4 15. a4 Nb4
16. b3 Rc8 17. Kh1 Bf8 18. e4 dxe4 19. fxe4 Bg4 20. bxc4 Rxc4 21. Qb3 Bxe2 22.
Nxe2 Rc2 23. Nc3 Qc7 24. Be1 Ng4 25. Nb5 Qc4 26. Qxc4 Rxc4 1/2-1/2

[Event "Czech Coal Match"]
[Site "Podebrady CZE"]
[Date "2012.12.08"]
[Round "1.1"]
[White "Havlikova,K"]
[Black "Romanishin,O"]
[Result "1/2-1/2"]
[WhiteTitle "WIM"]
[BlackTitle "GM"]
[WhiteElo "2310"]
[BlackElo "2530"]
[WhiteTeam "Snowdrops"]
[BlackTeam "Old Hands"]
[WhiteFideId "309672"]
[BlackFideId "14100088"]
[EventDate "2012.12.08"]
[EventType "schev"]

1. e4 e5 2. Nf3 Nc6 3. d4 exd4 4. Nxd4 Bc5 5. Nb3 Bb4+ 6. c3 Be7 7. f4 d6 8. Bd3
d5 9. e5 Nh6 10. O-O Nf5 11. Qc2 g6 12. Qf2 O-O 13. g4 Ng7 14. g5 Bh3 15. Re1
Qc8 16. N1d2 a5 17. a4 Nd8 18. Nf1 c5 19. Be2 Be6 20. Nbd2 Nf5 21. Ng3 c4 22.
Nxf5 Bxf5 23. Nf3 Ne6 24. Be3 Qc6 25. Nd4 Nxd4 26. Bxd4 b5 27. axb5 Qxb5 28. Bf3
Be6 29. h4 Rfc8 30. h5 Bc5 31. Bxc5 Qxc5 32. Ra2 Kf8 33. h6 Ke7 34. Rea1 Kd7 35.
Qxc5 Rxc5 36. Kf2 Rb5 37. Ke3 Kc7 38. Kd4 Kb6 39. Bd1 Kc7 40. Ba4 Rb6 41. Bc2
Rb5 42. Rf1 Rg8 43. Rf2 Kb6 44. Ba4 Rc5 45. Ra3 Rc7 46. Bc2 Rc5 47. Rf1 Rb5 48.
Ra2 Rc5 49. Rb1 Rb5 50. Ba4 Bf5 51. Rc1 1/2-1/2

[Event "Czech Coal Match"]
[Site "Podebrady CZE"]
[Date "2012.12.08"]
[Round "1.2"]
[White "Gunina,V"]
[Black "Olafsson,F"]
[Result "1-0"]
[WhiteTitle "IM"]
[BlackTitle "GM"]
[WhiteElo "2517"]
[BlackElo "2419"]
[WhiteTeam "Snowdrops"]
[BlackTeam "Old Hands"]
[WhiteFideId "4167570"]
[BlackFideId "2300052"]
[EventDate "2012.12.08"]
[EventType "schev"]

1. d4 Nf6 2. c4 g6 3. Nc3 Bg7 4. Bg5 d6 5. e3 h6 6. Bh4 O-O 7. Nf3 c5 8. Be2 Bf5
9. O-O g5 10. Bg3 Ne4 11. Nxe4 Bxe4 12. h4 cxd4 13. hxg5 dxe3 14. gxh6 Bxh6 15.
Bd3 d5 16. Ne5 Bxd3 17. Qxd3 dxc4 18. Qxc4 Qc8 19. Qh4 Qe6 20. Rae1 Nc6 21. Ng4
e2 22. Rxe2 Qxe2 23. Nxh6+ Kh7 24. Ng4+ Kg7 25. Qg5+ Kh7 26. Qh5+ Kg7 27. Bf4
Qe6 28. Bh6+ Kg8 29. Bxf8 Rxf8 30. Nh6+ Kg7 31. Nf5+ Kg8 32. Qg5+ Qg6 33. Nxe7+
Nxe7 34. Qxe7 Kg7 35. Qxb7 Rh8 36. Qxa7 Qd6 37. f4 Qd3 38. Qf2 Rc8 39. f5 1-0

[Event "Czech Coal Match"]
[Site "Podebrady CZE"]
[Date "2012.12.08"]
[Round "1.3"]
[White "Sachdev,T"]
[Black "Uhlmann,W"]
[Result "1-0"]
[WhiteTitle "IM"]
[BlackTitle "GM"]
[WhiteElo "2400"]
[BlackElo "2319"]
[WhiteTeam "Snowdrops"]
[BlackTeam "Old Hands"]
[WhiteFideId "5007844"]
[BlackFideId "4611284"]
[EventDate "2012.12.08"]
[EventType "schev"]

1. d4 Nf6 2. c4 g6 3. Nc3 Bg7 4. e4 d6 5. f3 a6 6. Be3 O-O 7. Qd2 Nbd7 8. Nge2
c5 9. d5 Ne5 10. Ng3 e6 11. a4 Qa5 12. Be2 exd5 13. cxd5 Bd7 14. O-O Qb4 15.
Rfc1 Rfc8 16. h3 Ne8 17. a5 f6 18. f4 Nf7 19. Qc2 b5 20. Ra3 f5 21. exf5 Bd4 22.
Nd1 gxf5 23. Kh2 Bxe3 24. Nxe3 Ng7 25. Nexf5 Nxf5 26. Nxf5 Qxf4+ 27. Rg3+ Kh8
28. Qc3+ Qe5 29. Nxd6 1-0